=LDR 00000nam 2200000 4500 =001 INLIS000000000000565 =990 ##$$a B-2012-00039 =005 20230125104544 =035 ##$$a 0010-0123000365 =007 ta =008 230125###########################f#ind## =020 ##$$a 978-602-8672-01-6 =082 ##$$a 813 =084 ##$$a 813 BIM j =100 #$$a Bimo S. Nimpuno =245 1#$$a Jonggrang : $b seribu tahun kutukan dendam & cinta /$c Bimo S. Nimpuno, Gerry Nimpuno =250 ##$$a Cetakan I =260 ##$$a Depok :$b Penerbit Edelweiss,$c 2009 =300 ##$$a viii; 272 hlm. ; $c 20,5 cm. =650 #4$$a Sejarah =700 #$$a Gerry Nimpuno